Planning to appeal (Record no. 82109)
[ view plain ]
| 000 -LEADER | |
|---|---|
| fixed length control field | 02026cad a22002655a 4500 |
| 001 - CONTROL NUMBER | |
| control field | L149282 |
| 008 - FIXED-LENGTH DATA ELEMENTS--GENERAL INFORMATION | |
| fixed length control field | 100217s2010 xxk f 000 0 eng d |
| 035 ## - SYSTEM CONTROL NUMBER | |
| System control number | (Sirsi) u149282 |
| 041 0# - LANGUAGE CODE | |
| Language code of text/sound track or separate title | eng |
| 100 1# - MAIN ENTRY--PERSONAL NAME | |
| Personal name | Gunne-Jones, Alan |
| 245 00 - TITLE STATEMENT | |
| Title | Planning to appeal |
| Medium | [electronic resource] |
| 260 ## - PUBLICATION, DISTRIBUTION, ETC. | |
| Date of publication, distribution, etc. | 2010 |
| 490 ## - SERIES STATEMENT | |
| Series statement | RICS Residential Property Journal |
| Volume/sequential designation | Jan-Feb 2010, 10-11(2) |
| 520 ## - SUMMARY, ETC. | |
| Summary, etc. | The costs of appeals against a refusal of planning permission, or the failure of a local planning authority (LPA) to determine a planning application within the prescribed timescale, has now been clarified and updated and a new costs circular issued (Circular 03/2009 Costs Awards in Appeals and other Planning Proceedings), on 6 April 2009 [see L147188]. It is now possible to apply for an award of costs against the LPA in all appeals, whether they have been processed by written representations, informal hearings or inquiry. Equally, the LPA may seek an award of costs against the appellant. Previously, an award of costs could be sought only when an appeal was processed by hearing or inquiry. An award of costs can also now be sought at all stages in the appeals process, even if the appeal is withdrawn before being determined. An award of costs is usually made if one of the parties to the appeal has behaved unreasonably. The previous costs circular 8/93 has been cancelled. A copy of the new costs circular can be accessed online at www.communities.gov.uk |
| 590 ## - LOCAL NOTE (RLIN) | |
| Local note | KA |
| 650 24 - SUBJECT ADDED ENTRY--TOPICAL TERM | |
| Topical term or geographic name entry element | CIRCULAR 03/2009 |
| 650 24 - SUBJECT ADDED ENTRY--TOPICAL TERM | |
| Topical term or geographic name entry element | TOWN AND COUNTRY PLANNING ACT 1990 |
| 650 24 - SUBJECT ADDED ENTRY--TOPICAL TERM | |
| Topical term or geographic name entry element | PLANNING (LISTED BUILDINGS AND CONSERVATION AREAS) ACT 1990 |
| 650 24 - SUBJECT ADDED ENTRY--TOPICAL TERM | |
| Topical term or geographic name entry element | PLANNING (HAZARDOUS SUBSTANCES) ACT 1990 |
| 650 24 - SUBJECT ADDED ENTRY--TOPICAL TERM | |
| Topical term or geographic name entry element | PLANNING AND COMPULSORY PURCHASE ACT 2004 |
| 651 #4 - SUBJECT ADDED ENTRY--GEOGRAPHIC NAME | |
| Geographic name | England and Wales |
| Chronological subdivision | 1543- |
| 690 ## - LOCAL SUBJECT ADDED ENTRY--TOPICAL TERM (OCLC, RLIN) | |
| Topical term or geographic name as entry element | ENVIRONMENTAL AND LAND CONSULTANCY-PLANNING AND DEVELOPMENT-PLANNING GUIDANCE |
| 856 40 - ELECTRONIC LOCATION AND ACCESS | |
| Uniform Resource Identifier | <a href="https://www.rics.org/site/download_feed.aspx?fileID=5567">https://www.rics.org/site/download_feed.aspx?fileID=5567</a> |
| Public note | View this item (member-only access) at www.rics.org |
| 942 ## - ADDED ENTRY ELEMENTS (KOHA) | |
| Suppress in OPAC | 0 |
| Withdrawn status | Lost status | Source of classification or shelving scheme | Damaged status | Not for loan | Home library | Current library | Shelving location | Date acquired | Total Checkouts | Full call number | Barcode | Date last seen | Copy number | Price effective from | Koha item type |
|---|---|---|---|---|---|---|---|---|---|---|---|---|---|---|---|
| Dewey Decimal Classification | Virtual | Virtual | Online | 17/02/2010 | ONLINE PUBLICATION | 149282-2001 | 06/08/2019 | 1 | 06/08/2019 | Journal article |